Nontariff barriers to international trade in steel
Enregistré dans:
| Auteur principal: | |
|---|---|
| Format: | Livre |
| Langue: | Undetermined |
| Publié: |
New York
University Microfilms International
1970
|
| Sujets: | |
| Tags: |
Ajouter un tag
Pas de tags, Soyez le premier à ajouter un tag!
|
| Thư viện lưu trữ: | Trung tâm Học liệu Trường Đại học Cần Thơ |
|---|
| LEADER | 00523nam a2200181Ia 4500 | ||
|---|---|---|---|
| 001 | CTU_99771 | ||
| 008 | 210402s9999 xx 000 0 und d | ||
| 082 | |a 382.42669 | ||
| 082 | |b M172 | ||
| 100 | |a Macphee, Craig Robert | ||
| 245 | 0 | |a Nontariff barriers to international trade in steel | |
| 245 | 0 | |c Craig Robert Macphee | |
| 260 | |a New York | ||
| 260 | |b University Microfilms International | ||
| 260 | |c 1970 | ||
| 650 | |a Steel industry | ||
| 904 | |i Truc | ||
| 980 | |a Trung tâm Học liệu Trường Đại học Cần Thơ | ||